[Event "Xtracon Chess Open 2016"]
[Site "Elsinore"]
[Date "2016.07.26"]
[Round "5.80"]
[White "Hviid, Hans Henrik"]
[Black "Huse, Lars Paul"]
[Result "0-1"]
[WhiteElo "1367"]
[BlackElo "1121"]
[PlyCount "118"]
[EventDate "2016.07.23"]

1. e4 c5 2. Nc3 Nc6 3. Nf3 d6 4. Bc4 Nf6 5. d3 e6 6. O-O Be7 7. Bg5 O-O 8. Re1
h6 9. Bh4 d5 10. exd5 exd5 11. Nxd5 Nxd5 12. Bxe7 Ndxe7 13. Re4 Bf5 14. Rf4 Bg6
15. Nh4 Ne5 16. Nxg6 N7xg6 17. Re4 Nxc4 18. Rxc4 b6 19. h4 Nxh4 20. Qg4 Ng6 21.
f4 Ne7 22. Re1 Nd5 23. Re5 Nf6 24. Qh3 Re8 25. Qg3 Re7 26. Rxe7 Qxe7 27. f5 Re8
28. Rh4 Qe1+ 29. Kh2 Qxg3+ 30. Kxg3 Re2 31. Rc4 Nd5 32. a3 Re7 33. Rg4 f6 34.
Kf2 Ne3 35. Ra4 Nxc2 36. g4 Nd4 37. b4 cxb4 38. Rxb4 Nc2 39. Re4 Rxe4 40. dxe4
Nxa3 41. Ke3 Kf7 42. Kd4 Nb5+ 43. Kc4 Nd6+ 44. Kd5 Ke7 45. Kd4 a5 46. Kc3 Nxe4+
47. Kb3 Kd7 48. Ka4 Nf2 49. Kb5 Kc7 50. Ka4 Nxg4 51. Kb5 h5 52. Kc4 h4 53. Kd5
h3 54. Ke6 h2 55. Kf7 h1=Q 56. Kxg7 Qh6+ 57. Kf7 Ne5+ 58. Ke8 Qh7 59. Kf8 Qf7#
0-1

[Event "Xtracon Chess Open 2016"]
[Site "Elsinore"]
[Date "2016.07.26"]
[Round "5.81"]
[White "Edvardsen, Ragnar"]
[Black "Vestby Ellingsen, Mads"]
[Result "1/2-1/2"]
[WhiteElo "1924"]
[BlackElo "2126"]
[PlyCount "147"]
[EventDate "2016.07.23"]

1. e4 e5 2. Nf3 Nc6 3. Bb5 a6 4. Ba4 Nf6 5. O-O Be7 6. Re1 b5 7. Bb3 d6 8. c3
O-O 9. h3 Nb8 10. d4 Nbd7 11. Nbd2 Bb7 12. Bc2 Re8 13. Nf1 Bf8 14. Ng3 g6 15.
Bg5 h6 16. Bxf6 Qxf6 17. a4 exd4 18. cxd4 c5 19. dxc5 Nxc5 20. b4 Nxa4 21. Bxa4
bxa4 22. Qxa4 h5 23. Nd2 Bh6 24. Ngf1 Re7 25. Rad1 Rae8 26. Nc4 Bf4 27. g3 Be5
28. Nxe5 Rxe5 29. Qa1 Qe6 30. Qd4 Qxh3 31. f3 d5 32. Qf2 dxe4 33. f4 e3 34. Qh2
Qxh2+ 35. Nxh2 Rb5 36. Rd4 Re4 37. Rxe4 Bxe4 38. Rxe3 Rxb4 39. Ra3 Rb2 40. Nf3
Bxf3 41. Rxf3 Rb7 42. Ra3 Ra7 43. Ra5 Kf8 44. Kf2 f6 45. Kf3 f5 46. Kf2 Ke7 47.
Ke3 Kd6 48. Kd4 Kc6 49. Ke5 Kb6 50. Rd5 Rc7 51. Kd4 a5 52. Rd8 Kb5 53. Rb8+ Ka4
54. Rb6 Rg7 55. Ke5 Ka3 56. Kf6 Rg8 57. Kf7 Rc8 58. Kxg6 Rg8+ 59. Kxf5 Rxg3 60.
Rh6 a4 61. Rxh5 Kb3 62. Kf6 a3 63. Ra5 Rg4 64. Ke5 a2 65. Rxa2 Kxa2 66. f5 Kb3
67. f6 Rg2 68. f7 Rf2 69. Ke6 Kc4 70. Ke7 Re2+ 71. Kd7 Rd2+ 72. Ke7 Rf2 73.
f8=Q Rxf8 74. Kxf8 1/2-1/2

[Event "Xtracon Chess Open 2016"]
[Site "Elsinore"]
[Date "2016.07.26"]
[Round "5.82"]
[White "Machlik, Edit"]
[Black "Keen, Cosima"]
[Result "1-0"]
[WhiteElo "2090"]
[BlackElo "1918"]
[PlyCount "155"]
[EventDate "2016.07.23"]

1. d4 d5 2. c4 e6 3. Nc3 Be7 4. cxd5 exd5 5. Bf4 c6 6. e3 Bf5 7. Nge2 Nf6 8.
Ng3 Bg6 9. h4 h6 10. h5 Bh7 11. Bd3 Bxd3 12. Qxd3 Bd6 13. Bxd6 Qxd6 14. Nf5 Qf8
15. f3 Nbd7 16. e4 dxe4 17. fxe4 O-O-O 18. Qg3 Nb6 19. O-O-O Ne8 20. Rhf1 f6
21. e5 Nd5 22. Ne4 Ndc7 23. Qb3 b6 24. Nfd6+ Nxd6 25. Nxd6+ Rxd6 26. exd6 Qxd6
27. Rfe1 Nd5 28. Kb1 Kb7 29. Re4 Qd7 30. Qf3 f5 31. Re5 f4 32. g3 Qh3 33. Rh1
Qxg3 34. Qxg3 fxg3 35. Rg1 Rf8 36. Rxg3 Rf7 37. a3 Ka6 38. Rg6 Kb5 39. Ka2 Kc4
40. Rxc6+ Kxd4 41. Re1 Nf6 42. Rh1 Re7 43. Rd1+ Ke5 44. Re1+ Ne4 45. Rg6 Kd5
46. Reg1 Ng5 47. Rd1+ Kc5 48. Rd3 Ne4 49. Rh3 Nf6 50. Kb3 Kc6 51. Rhg3 a5 52.
Rxg7 Rxg7 53. Rxg7 Nxh5 54. Rg6+ Kc5 55. Rxh6 Nf4 56. Kc2 Nd5 57. b3 Nc7 58.
Kd3 Kb5 59. Kd4 Ka6 60. Ke5 Kb7 61. a4 Na6 62. Kd6 Nc5 63. Rh7+ Ka6 64. Rh3 Kb7
65. Kd5 Ka6 66. Kc6 Ne6 67. Rh6 Nc5 68. Kc7 Ka7 69. Rxb6 Na6+ 70. Rxa6+ Kxa6
71. Kc6 Ka7 72. Kb5 Kb7 73. Kxa5 Ka7 74. b4 Kb7 75. Kb5 Ka7 76. Kc6 Ka8 77. b5
Ka7 78. b6+ 1-0

[Event "Xtracon Chess Open 2016"]
[Site "Elsinore"]
[Date "2016.07.26"]
[Round "5.83"]
[White "Ramkilde, Mikael"]
[Black "Kistrup, Nicolai"]
[Result "1/2-1/2"]
[WhiteElo "1907"]
[BlackElo "2089"]
[PlyCount "71"]
[EventDate "2016.07.23"]

1. e4 c5 2. Nf3 d6 3. d4 cxd4 4. Nxd4 Nf6 5. Nc3 g6 6. Bc4 Bg7 7. h3 Nc6 8. Be3
Bd7 9. O-O Rc8 10. Bb3 O-O 11. Re1 a6 12. a3 Na5 13. Qd3 Nxb3 14. Nxb3 Qc7 15.
Rad1 Be6 16. Nd4 Nd7 17. f4 b5 18. f5 Ne5 19. Qe2 Bc4 20. Qf2 a5 21. Qh4 b4 22.
axb4 axb4 23. Nb1 b3 24. cxb3 Ba6 25. Nc3 Bb7 26. Bh6 Bxh6 27. Qxh6 Qc5 28. Kh1
Qb6 29. Re3 f6 30. Rg3 g5 31. Ne6 Rf7 32. Nd4 Kh8 33. Qh5 Qd8 34. b4 Qe8 35. b5
Rf8 36. Qe2 1/2-1/2

[Event "Xtracon Chess Open 2016"]
[Site "Elsinore"]
[Date "2016.07.26"]
[Round "5.84"]
[White "Madsen, Michael B"]
[Black "Stuhr, Peter Sebastian"]
[Result "1-0"]
[WhiteElo "2089"]
[BlackElo "1918"]
[PlyCount "123"]
[EventDate "2016.07.23"]

1. d4 d6 2. Nf3 Nd7 3. e4 e5 4. Bc4 h6 5. O-O Ngf6 6. Nc3 Be7 7. h3 c6 8. a4 a5
9. Be3 Qc7 10. d5 Nf8 11. Nd2 g5 12. f3 Ng6 13. Qe1 Nf4 14. Ne2 Rg8 15. Kh2
cxd5 16. Bxf4 dxc4 17. Be3 h5 18. Nc3 Be6 19. Nb5 Qd7 20. Qe2 Qc6 21. Bf2 Kf8
22. Ra3 d5 23. exd5 Nxd5 24. Raa1 f6 25. Qxc4 Rc8 26. Qxc6 Rxc6 27. c3 Bc5 28.
Bxc5+ Rxc5 29. Nb3 Rxb5 30. axb5 Ne3 31. Rfe1 Nc2 32. Nc5 Nxe1 33. Nxe6+ Ke7
34. Nc5 b6 35. Rxe1 bxc5 36. Ra1 Ra8 37. Ra4 Kd6 38. b4 cxb4 39. cxb4 Rb8 40.
bxa5 Rxb5 41. a6 Rb8 42. a7 Ra8 43. Ra6+ Ke7 44. g4 h4 45. Kg2 Kd8 46. Kf2 Kc7
47. Ke3 Kb7 48. Ra3 Rxa7 49. Rxa7+ Kxa7 50. Ke4 Kb6 51. Kf5 Kc5 52. Kxf6 Kd4
53. Kxg5 Ke3 54. Kf5 Kxf3 55. Kxe5 Kg3 56. g5 Kxh3 57. g6 Kg2 58. g7 h3 59.
g8=Q+ Kh1 60. Qd5+ Kg1 61. Qd4+ Kg2 62. Qg4+ 1-0

[Event "Xtracon Chess Open 2016"]
[Site "Elsinore"]
[Date "2016.07.26"]
[Round "5.85"]
[White "Lunde, Sigmund"]
[Black "Nielsen, Klaus"]
[Result "0-1"]
[WhiteElo "1894"]
[BlackElo "2089"]
[PlyCount "76"]
[EventDate "2016.07.23"]

1. e4 d5 2. Nc3 d4 3. Nce2 e5 4. d3 Nc6 5. f4 Be7 6. fxe5 Nxe5 7. Bf4 Ng6 8.
Bg3 h5 9. Nf3 c5 10. h3 Be6 11. Qd2 a5 12. c3 Nf6 13. a3 dxc3 14. Nxc3 O-O 15.
Be2 Qd7 16. Ng5 Bb3 17. e5 Nd5 18. Bxh5 Nxc3 19. Qxc3 Bxg5 20. Qxb3 Nxe5 21.
Bxe5 Rae8 22. O-O Rxe5 23. Bf3 b5 24. Qc3 Qc7 25. Kh1 Re6 26. d4 c4 27. Bg4 Re3
28. Qc2 Qd6 29. Qf5 Bd8 30. Qf4 Qe7 31. Rf3 Re4 32. Qf5 Rxd4 33. Qxb5 Bc7 34.
Raf1 Qd6 35. g3 g6 36. Qg5 Bd8 37. Qb5 f5 38. h4 Rxg4 0-1

[Event "Xtracon Chess Open 2016"]
[Site "Elsinore"]
[Date "2016.07.26"]
[Round "5.86"]
[White "Holleland, Sigve"]
[Black "Undheim, Bjarne"]
[Result "1-0"]
[WhiteElo "2087"]
[BlackElo "1910"]
[PlyCount "53"]
[EventDate "2016.07.23"]

1. c4 e5 2. Nc3 Nf6 3. g3 Nc6 4. Bg2 Bc5 5. e3 O-O 6. a3 a5 7. Nge2 Re8 8. O-O
e4 9. Qc2 Qe7 10. Nd5 Nxd5 11. cxd5 Nb8 12. Bxe4 Qxe4 13. Qxc5 d6 14. Qxc7 Qxd5
15. Nf4 Qe5 16. d4 Qf6 17. Nd5 Qe6 18. Nb6 Na6 19. Qc3 Rb8 20. Qxa5 Qh3 21.
Nxc8 Rbxc8 22. Qd5 Qd7 23. Bd2 Nc7 24. Qxb7 Rb8 25. Qf3 Rxb2 26. Bb4 Ne6 27.
Qd5 1-0

[Event "Xtracon Chess Open 2016"]
[Site "Elsinore"]
[Date "2016.07.26"]
[Round "5.87"]
[White "Manz, Andreas"]
[Black "Molgaard, Steen"]
[Result "1/2-1/2"]
[WhiteElo "1890"]
[BlackElo "2078"]
[PlyCount "37"]
[EventDate "2016.07.23"]

1. d4 d5 2. c4 e6 3. Nc3 Nf6 4. cxd5 exd5 5. Bg5 Nbd7 6. e3 Be7 7. Bd3 c6 8.
Qc2 O-O 9. Nge2 Re8 10. O-O h6 11. Bf4 Nf8 12. f3 Ne6 13. Bg3 c5 14. dxc5 Bxc5
15. Bf2 d4 16. exd4 Nxd4 17. Nxd4 Bxd4 18. Rad1 Bxf2+ 19. Qxf2 1/2-1/2

[Event "Xtracon Chess Open 2016"]
[Site "Elsinore"]
[Date "2016.07.26"]
[Round "5.88"]
[White "Sande, Odmund"]
[Black "Stray, Gunnar"]
[Result "0-1"]
[WhiteElo "1877"]
[BlackElo "2074"]
[PlyCount "54"]
[EventDate "2016.07.23"]

1. d4 d5 2. c4 c6 3. Nf3 Nf6 4. Nc3 e6 5. e3 Nbd7 6. Be2 Bd6 7. O-O O-O 8. Qc2
Re8 9. e4 Nxe4 10. Nxe4 dxe4 11. Qxe4 e5 12. dxe5 Nxe5 13. Qc2 Qf6 14. Kh1 h6
15. Be3 c5 16. Nxe5 Qxe5 17. g3 Qf6 18. Kg1 b6 19. Rfd1 Be5 20. Rd2 Bb7 21. a4
Qc6 22. Rd5 Qf6 23. Rd2 Rac8 24. Bg4 Rcd8 25. Rad1 Rxd2 26. Rxd2 Bd4 27. Re2
Qc6 0-1

[Event "Xtracon Chess Open 2016"]
[Site "Elsinore"]
[Date "2016.07.26"]
[Round "5.89"]
[White "Fossan, Andreas"]
[Black "Stockhaug, Jon Arne"]
[Result "1/2-1/2"]
[WhiteElo "2071"]
[BlackElo "1901"]
[PlyCount "53"]
[EventDate "2016.07.23"]

1. d4 f5 2. Nc3 d5 3. Bg5 Nf6 4. Bxf6 exf6 5. e3 c6 6. Bd3 Bd6 7. Qf3 g6 8. h4
h5 9. Nh3 Be6 10. Nf4 Bf7 11. g3 Nd7 12. O-O O-O 13. Rab1 a5 14. Rfe1 Kg7 15.
Nce2 b5 16. b3 Nb6 17. Rec1 Qd7 18. c3 Rfb8 19. Kh1 a4 20. b4 Re8 21. Kg1 Bc7
22. Bc2 Nc4 23. Rd1 Nd6 24. Nd3 Qe7 25. Nc5 Bb6 26. Nf4 Ne4 27. Rd3 1/2-1/2

[Event "Xtracon Chess Open 2016"]
[Site "Elsinore"]
[Date "2016.07.26"]
[Round "5.90"]
[White "Hansen, Ole Foss"]
[Black "Brondum, Eric"]
[Result "0-1"]
[WhiteElo "1871"]
[BlackElo "2068"]
[PlyCount "80"]
[EventDate "2016.07.23"]

1. d4 Nf6 2. c4 g6 3. Nc3 Bg7 4. e4 d6 5. Be2 O-O 6. Bg5 h6 7. Bh4 c5 8. d5 e6
9. Nf3 exd5 10. cxd5 Re8 11. Nd2 a6 12. a4 Nbd7 13. Bg3 Bf8 14. Qc2 Ne5 15. f4
Neg4 16. Qd3 Nh5 17. Bxg4 Bxg4 18. h3 Nxg3 19. Qxg3 Bd7 20. O-O-O b5 21. f5 g5
22. b3 Qf6 23. Kc2 Bg7 24. Rb1 Rac8 25. h4 bxa4 26. bxa4 Qd4 27. hxg5 hxg5 28.
Rh3 Bxa4+ 29. Nxa4 Qxa4+ 30. Qb3 Qd4 31. Qb6 Rxe4 32. Nxe4 Qxe4+ 33. Kc1 Qxg2
34. Re3 Bd4 35. Re7 Bc3 36. Rb2 Bxb2+ 37. Qxb2 Qxb2+ 38. Kxb2 Rb8+ 39. Kc3 Kg7
40. Rd7 Rb6 0-1

[Event "Xtracon Chess Open 2016"]
[Site "Elsinore"]
[Date "2016.07.26"]
[Round "5.91"]
[White "Schrodt, Sebastian"]
[Black "Marthedal, Anton Mehmet Yildiz"]
[Result "0-1"]
[WhiteElo "2060"]
[BlackElo "1891"]
[PlyCount "64"]
[EventDate "2016.07.23"]

1. Nf3 Nf6 2. g3 g6 3. c4 c5 4. Nc3 Nc6 5. Bg2 Bg7 6. O-O d5 7. cxd5 Nxd5 8. d3
Nxc3 9. bxc3 Bxc3 10. Rb1 O-O 11. Qa4 Qa5 12. Qxa5 Bxa5 13. Rb5 Bb6 14. Ba3 Bd7
15. Bxc5 Ne5 16. Nxe5 Bxb5 17. Bxb6 axb6 18. Rb1 Bc6 19. Bxc6 bxc6 20. Nxc6
Rxa2 21. Nxe7+ Kg7 22. e3 Rd8 23. d4 Rc2 24. Rxb6 Rd7 25. Rc6 Ra2 26. Nc8 Rb7
27. Rc1 Ra6 28. Rc2 Kf8 29. e4 Rb4 30. Rd2 Rc4 31. f4 Rxc8 32. g4 Rac6 0-1

[Event "Xtracon Chess Open 2016"]
[Site "Elsinore"]
[Date "2016.07.26"]
[Round "5.92"]
[White "Kyrkjebo, Marte Bakken"]
[Black "Roder, Peter"]
[Result "0-1"]
[WhiteElo "1860"]
[BlackElo "2056"]
[PlyCount "86"]
[EventDate "2016.07.23"]

1. e4 e6 2. d3 d5 3. Qe2 Nf6 4. Nf3 c5 5. g3 d4 6. Bg2 Nc6 7. e5 Nd5 8. O-O Be7
9. Nbd2 O-O 10. Ne4 f6 11. exf6 gxf6 12. Bh6 Rf7 13. Rfe1 e5 14. h4 Bg4 15. Qf1
Qd7 16. Nh2 Bf5 17. Qe2 Kh8 18. g4 Be6 19. Ng3 Rg8 20. f3 Bf8 21. Bd2 b5 22. c3
a5 23. a3 a4 24. Nhf1 Nb6 25. Rac1 c4 26. dxc4 Nxc4 27. Qe4 Nxb2 28. f4 Ne7 29.
cxd4 Bd5 30. Qc2 Bxg2 31. Qxb2 Bxf1 32. Rxf1 Qxg4 33. Be1 exf4 34. Rc2 fxg3 35.
Rg2 Nf5 36. Qc3 Bd6 37. Rf3 Qxd4+ 38. Qxd4 Nxd4 39. Rd3 Be5 40. Bxg3 Bxg3 41.
Rxd4 Be5 42. Rb4 Rxg2+ 43. Kxg2 Rb7 0-1

[Event "Xtracon Chess Open 2016"]
[Site "Elsinore"]
[Date "2016.07.26"]
[Round "5.93"]
[White "Skjoldager, Mikael"]
[Black "Thybo, Thomas Sondergaard"]
[Result "1/2-1/2"]
[WhiteElo "2054"]
[BlackElo "1886"]
[PlyCount "110"]
[EventDate "2016.07.23"]

1. d4 g6 2. c4 Nf6 3. Nc3 Bg7 4. e4 d6 5. Nf3 O-O 6. Be2 e5 7. O-O Nbd7 8. h3
Re8 9. d5 Nc5 10. Qc2 a5 11. Be3 b6 12. a3 a4 13. Nd2 Bd7 14. Rae1 Rf8 15. Bd1
Ne8 16. f4 f5 17. fxe5 Bxe5 18. Bh6 Rf7 19. Nf3 Bg7 20. Ng5 Re7 21. Re3 Be5 22.
Ref3 Bg7 23. Bxg7 Nxg7 24. Re3 Re8 25. Nf3 fxe4 26. Nxe4 Bf5 27. Nfd2 Qh4 28.
Bg4 Nxe4 29. Nxe4 Re5 30. g3 Qe7 31. Rfe1 Re8 32. Bf3 Bxh3 33. Qxa4 Nf5 34.
Qxe8+ Qxe8 35. Nf6+ Kf7 36. Nxe8 Rxe3 37. Rxe3 Nxe3 38. Nxc7 Nxc4 39. g4 Ne5
40. Kf2 Bxg4 41. Bxg4 Nxg4+ 42. Kg3 Ne3 43. Kf4 Nc4 44. Nb5 Ke7 45. b3 Nd2 46.
b4 h6 47. a4 Nc4 48. Nd4 Kd7 49. Ne6 Ne5 50. Ke4 Kc8 51. Nd4 Kd7 52. Ne6 Kc8
53. Nd4 Kc7 54. Nb5+ Kd7 55. a5 bxa5 1/2-1/2

[Event "Xtracon Chess Open 2016"]
[Site "Elsinore"]
[Date "2016.07.26"]
[Round "5.94"]
[White "Nielsen, Andre"]
[Black "Stuhlmann, Alexander"]
[Result "1/2-1/2"]
[WhiteElo "2047"]
[BlackElo "1873"]
[PlyCount "119"]
[EventDate "2016.07.23"]

1. e4 e5 2. Nf3 Nc6 3. Bb5 a6 4. Ba4 Nf6 5. O-O Be7 6. Re1 b5 7. Bb3 d6 8. c3
O-O 9. h3 Na5 10. Bc2 c5 11. d4 Qc7 12. b3 c4 13. b4 Nb7 14. a4 Bd7 15. a5 Rfe8
16. Be3 Bd8 17. Nbd2 Bc6 18. d5 Bd7 19. Nf1 Qc8 20. Ng3 g6 21. Kh2 Be7 22. Qe2
Bf8 23. Rad1 Bg7 24. Qd2 Rf8 25. Bh6 Ne8 26. Bxg7 Nxg7 27. Qh6 f6 28. h4 Nd8
29. Qe3 f5 30. exf5 Nxf5 31. Nxf5 Bxf5 32. Bxf5 Qxf5 33. Qe4 h6 34. Nd2 Ra7 35.
f3 Raf7 36. Nf1 Qxe4 37. Rxe4 Kg7 38. Ng3 Rf4 39. Rde1 h5 40. Rxf4 Rxf4 41. Re4
Rxe4 42. Nxe4 Nf7 43. g4 Kf8 44. gxh5 gxh5 45. Nf6 Nh6 46. Nxh5 Nf5 47. Kh3 Ne3
48. Nf6 Ke7 49. Ne4 Nxd5 50. h5 Nf6 51. h6 d5 52. Nf2 d4 53. Nd1 d3 54. Kh4 Kf7
55. Kg5 e4 56. fxe4 Nxe4+ 57. Kf5 Nf6 58. Ne3 Nd7 59. Nd1 Nf6 60. Ne3 1/2-1/2

[Event "Xtracon Chess Open 2016"]
[Site "Elsinore"]
[Date "2016.07.26"]
[Round "5.95"]
[White "Svensson, Erik"]
[Black "Machlik, Monika"]
[Result "0-1"]
[WhiteElo "1848"]
[BlackElo "2045"]
[PlyCount "206"]
[EventDate "2016.07.23"]

1. e4 c6 2. Nc3 d5 3. Nf3 Bg4 4. h3 Bxf3 5. Qxf3 e6 6. g3 Nd7 7. Bg2 Bc5 8. O-O
Ne7 9. d3 O-O 10. Qe2 f5 11. Kh2 Ng6 12. f4 a5 13. a4 Ne7 14. Bd2 Kh8 15. Rae1
Nc8 16. b3 Bb4 17. Nb1 Bxd2 18. Nxd2 Nc5 19. Kh1 Nd6 20. Rd1 Qc7 21. e5 Nf7 22.
Nf3 b5 23. axb5 cxb5 24. Nd4 b4 25. Ra1 Qb6 26. Qf2 Ra6 27. Ra2 Nd8 28. Rfa1
Ncb7 29. Kg1 Qc5 30. Bf3 Qe7 31. h4 Nc6 32. Kg2 Nxd4 33. Qxd4 Rc6 34. Qa7 Rc7
35. Qd4 Rfc8 36. Bd1 Rc5 37. Kf1 Qc7 38. Ke1 Kg8 39. Kf1 Qc6 40. Ke1 Qd7 41.
Kf1 Qc7 42. Ke1 Qc6 43. Kf1 Qb5 44. Ke1 h6 45. Kd2 Rc3 46. Ke1 R8c5 47. Kd2 Qb6
48. Ke1 Qc7 49. Kd2 Nd8 50. Rb2 Nc6 51. Qf2 Na7 52. Qd4 Nb5 53. Qf2 Na3 54.
Raa2 Qb6 55. Ke1 Qd8 56. Qf3 Qe8 57. Qf2 Qb8 58. Qd4 Qc7 59. Qf2 Kh8 60. Kd2
Qb8 61. Ke1 Rc7 62. Qh2 Qb6 63. Qf2 Qb5 64. Qd4 Qc6 65. Qf2 Kg8 66. Qd2 Kf8 67.
Kf1 Ke7 68. Ke1 d4 69. Qf2 Qc5 70. Kd2 Qb6 71. Qe2 Kd8 72. Qf2 Kc8 73. Qe2 Kb8
74. Qh5 Ka7 75. Qe2 Ka6 76. Qh5 Re7 77. Ra1 Qc5 78. Raa2 Qc8 79. Be2 Rec7 80.
Bd1 Qd7 81. Qe2 R7c6 82. Qf2 R6c5 83. Qf3 Ka7 84. Qf2 g5 85. hxg5 hxg5 86. Qh2
g4 87. Qh6 Rc8 88. Be2 Qc6 89. Bd1 Qg2+ 90. Be2 Qxg3 91. Qxe6 Qxf4+ 92. Kd1
R3c5 93. Qd7+ R8c7 94. Qd6 Qxe5 95. Qxe5 Rxe5 96. Kd2 Rec5 97. Bf1 Rh7 98. Ra1
Rh2+ 99. Be2 Re5 100. Re1 f4 101. Kd1 f3 102. Bf1 Rxe1+ 103. Kxe1 Nxc2+ 0-1

[Event "Xtracon Chess Open 2016"]
[Site "Elsinore"]
[Date "2016.07.26"]
[Round "5.96"]
[White "Meurman, Arne"]
[Black "Skovgaard, Andreas"]
[Result "1-0"]
[WhiteElo "2035"]
[BlackElo "1868"]
[PlyCount "77"]
[EventDate "2016.07.23"]

1. e4 c5 2. Nf3 Nc6 3. d4 cxd4 4. Nxd4 Nf6 5. Nc3 d6 6. Bg5 Qa5 7. Bb5 Bd7 8.
Nb3 Qd8 9. f4 a6 10. Be2 e6 11. Qd2 Be7 12. O-O-O b5 13. Bf3 Rc8 14. Kb1 h6 15.
Bh4 b4 16. Bxf6 Bxf6 17. Ne2 Be7 18. Ned4 Nxd4 19. Nxd4 a5 20. Be2 Qb6 21. e5
d5 22. g4 a4 23. h4 b3 24. cxb3 axb3 25. Nxb3 Ba4 26. Rh3 Bb4 27. Qd4 Qxd4 28.
Rxd4 Bxb3 29. Rxb4 Bc2+ 30. Kc1 O-O 31. Kd2 Bb1 32. Bd3 Bxa2 33. b3 Rc5 34. Rh1
Ra8 35. Rc1 Rca5 36. Rc7 Ra3 37. Bc2 Kf8 38. Rbb7 Bxb3 39. Bxb3 1-0

[Event "Xtracon Chess Open 2016"]
[Site "Elsinore"]
[Date "2016.07.26"]
[Round "5.97"]
[White "Larsen, Preben R"]
[Black "Stake Larsen, Gunnar"]
[Result "0-1"]
[WhiteElo "1846"]
[BlackElo "2034"]
[PlyCount "82"]
[EventDate "2016.07.23"]

1. e4 c5 2. Nf3 e6 3. d4 cxd4 4. Nxd4 a6 5. Be2 Qc7 6. Be3 Nf6 7. Nd2 b6 8. c3
Bb7 9. Bf3 d5 10. exd5 Nxd5 11. Nc2 Bd6 12. h3 O-O 13. c4 Nxe3 14. Nxe3 Nc6 15.
O-O Rad8 16. Bxc6 Qxc6 17. Qe2 Bb8 18. Rfd1 Qc7 19. Ndf1 Rxd1 20. Rxd1 Qc6 21.
Qd3 h6 22. b4 Be5 23. Ng3 Bf4 24. Ngf1 Bg5 25. b5 axb5 26. cxb5 Qe4 27. Qxe4
Bxe4 28. Rd6 Rb8 29. Nc4 Bd8 30. Nfe3 Kf8 31. f3 Bb1 32. a3 Ke7 33. Kf2 f6 34.
Rc6 Bg6 35. Ke2 Be8 36. Rd6 Bxb5 37. Rd4 Ra8 38. Kd2 Bc7 39. Nc2 e5 40. Re4 f5
41. Nxb6 Rd8+ 0-1

[Event "Xtracon Chess Open 2016"]
[Site "Elsinore"]
[Date "2016.07.26"]
[Round "5.98"]
[White "Weber, Samuel"]
[Black "Ingebretsen, Jens E"]
[Result "1-0"]
[WhiteElo "2031"]
[BlackElo "1862"]
[PlyCount "51"]
[EventDate "2016.07.23"]

1. e4 e6 2. Qe2 c5 3. d3 Nc6 4. Nf3 b6 5. g3 Bb7 6. Bg2 Nge7 7. O-O g6 8. Nbd2
Bg7 9. c3 O-O 10. e5 d5 11. Re1 b5 12. h4 Qb6 13. Nb3 Rfd8 14. d4 c4 15. Nc5 a5
16. Bg5 b4 17. Bh3 a4 18. a3 bxc3 19. bxc3 Qc7 20. Bf6 Bxf6 21. exf6 Nf5 22.
Bxf5 exf5 23. Qd2 Rd6 24. Qh6 Rxf6 25. Ng5 Kh8 26. Qxh7# 1-0

[Event "Xtracon Chess Open 2016"]
[Site "Elsinore"]
[Date "2016.07.26"]
[Round "5.100"]
[White "Nordin, Eric"]
[Black "Arndt, Uwe"]
[Result "1/2-1/2"]
[WhiteElo "1832"]
[BlackElo "2023"]
[PlyCount "156"]
[EventDate "2016.07.23"]

1. e4 c6 2. d4 d5 3. Nc3 dxe4 4. Nxe4 Bf5 5. Ng3 Bg6 6. h4 h6 7. Nf3 Nd7 8. h5
Bh7 9. Bd3 Bxd3 10. Qxd3 e6 11. Bd2 Ngf6 12. O-O-O Be7 13. Ne4 Nxe4 14. Qxe4
Nf6 15. Qe2 O-O 16. g4 Qd5 17. Kb1 Qe4 18. Qxe4 Nxe4 19. Be3 f5 20. Nd2 Nxd2+
21. Bxd2 fxg4 22. Be3 Rf5 23. Rdg1 Bg5 24. Rxg4 Bxe3 25. fxe3 Raf8 26. Rgg1 Rf2
27. Re1 Rd2 28. Rh4 Re2 29. Rg1 Rff2 30. Rhg4 g5 31. hxg6 Rxc2 32. g7 Rxb2+ 33.
Kc1 Rxa2 34. Kb1 Rae2 35. Rg6 Rf7 36. Rxh6 Rxg7 37. Rxg7+ Kxg7 38. Rxe6 Kf7 39.
Rh6 Rg2 40. e4 a5 41. d5 cxd5 42. exd5 Rg4 43. Rh7+ Rg7 44. Rh6 Rg8 45. Rh7+
Rg7 46. Rh6 Ke8 47. Rb6 Kd8 48. Rb5 Kc7 49. Rxa5 Kb6 50. Ra3 Kc5 51. Rh3 Rg2
52. Rf3 b5 53. d6 Kxd6 54. Rh3 Kc5 55. Rf3 Kc4 56. Rh3 Kb4 57. Rh4+ Ka3 58.
Rh3+ Ka4 59. Rf3 b4 60. Rh3 Rg4 61. Kb2 Rd4 62. Rg3 Rd2+ 63. Kb1 Rf2 64. Rh3
Rf4 65. Kb2 b3 66. Rh8 Rf2+ 67. Kb1 Rf5 68. Ra8+ Ra5 69. Rxa5+ Kxa5 70. Kb2 Kb4
71. Kb1 Kb5 72. Kb2 Kc4 73. Kb1 Kc3 74. Kc1 Kd4 75. Kb2 Kc4 76. Kb1 Kc3 77. Kc1
b2+ 78. Kb1 Kb3 1/2-1/2

[Event "Xtracon Chess Open 2016"]
[Site "Elsinore"]
[Date "2016.07.26"]
[Round "5.101"]
[White "Robertsen, Bjorn"]
[Black "Olesen, Poul Erik Norgaard"]
[Result "1-0"]
[WhiteElo "1815"]
[BlackElo "2020"]
[PlyCount "61"]
[EventDate "2016.07.23"]

1. d4 c5 2. d5 d6 3. c4 g6 4. Nf3 Bg7 5. Nc3 Nf6 6. Bf4 Nh5 7. Bd2 e5 8. dxe6
Bxe6 9. Ng5 O-O 10. Nxe6 fxe6 11. g3 Nc6 12. Bg2 Qe7 13. O-O Rad8 14. Qc2 Qf7
15. Rad1 Nf6 16. Bg5 h6 17. Bxf6 Qxf6 18. Ne4 Qe7 19. Rd2 Nd4 20. Qc1 Kh7 21.
e3 Nf3+ 22. Bxf3 Rxf3 23. Qd1 d5 24. Qxf3 dxe4 25. Qd1 Rxd2 26. Qxd2 Qf6 27.
Rd1 h5 28. Qc3 Qe7 29. Qc2 h4 30. Qxe4 hxg3 31. hxg3 1-0

[Event "Xtracon Chess Open 2016"]
[Site "Elsinore"]
[Date "2016.07.26"]
[Round "5.102"]
[White "Janse, Alexander"]
[Black "Smeby, Ole"]
[Result "0-1"]
[WhiteElo "2017"]
[BlackElo "1847"]
[PlyCount "170"]
[EventDate "2016.07.23"]

1. Nf3 Nf6 2. g3 g6 3. Bg2 Bg7 4. O-O O-O 5. Re1 d5 6. d4 c6 7. Nbd2 Bf5 8. c3
Qc7 9. Nh4 Be6 10. Qc2 c5 11. dxc5 Qxc5 12. Nb3 Qb6 13. Be3 Qc7 14. Bf4 Qc8 15.
Rad1 Na6 16. Nf3 Bh3 17. Bh1 Bf5 18. Qc1 Rd8 19. Nfd4 Bd7 20. Nc2 e6 21. Bg5
Re8 22. Ne3 Nc5 23. Nxc5 Qxc5 24. Bxf6 Bxf6 25. Ng4 Bg7 26. Qg5 Qe7 27. Qxe7
Rxe7 28. e4 dxe4 29. Rxe4 f5 30. Rb4 Be8 31. Ne3 Rb8 32. Nc4 b5 33. Na5 Rb6 34.
Nb3 Rd7 35. Rxd7 Bxd7 36. Nc5 Be8 37. Rf4 Rd6 38. Bf3 Kf7 39. Nb3 e5 40. Rb4
Bf8 41. Nc1 a5 42. Rh4 h6 43. g4 e4 44. Be2 g5 45. Rh3 f4 46. Nb3 a4 47. Nd4 b4
48. Bc4+ Kg6 49. Kf1 bxc3 50. bxc3 Bd7 51. f3 exf3 52. Rxf3 Bxg4 53. Rd3 Rb6
54. h3 Bh5 55. Bb5 Kf6 56. c4 Bc5 57. Ne2 Re6 58. Nc3 a3 59. Bd7 Re5 60. Nd5+
Kg7 61. Bg4 Bg6 62. Rb3 h5 63. Be2 Be4 64. Bxh5 Bxd5 65. cxd5 Rxd5 66. Ke2 Kf6
67. Rb7 Be3 68. Bf7 Rd2+ 69. Kf3 Rh2 70. Bb3 Rxh3+ 71. Ke4 Bc1 72. Rb6+ Ke7 73.
Kf5 Rc3 74. Rb7+ Kd6 75. Kxg5 f3+ 76. Kg4 f2 77. Rf7 Rxb3 78. Rxf2 Rb4+ 79. Kf3
Kd5 80. Rc2 Bb2 81. Ke3 Rh4 82. Kd3 Rh3+ 83. Kd2 Kd4 84. Kd1 Rh1+ 85. Kd2 Ra1
0-1

[Event "Xtracon Chess Open 2016"]
[Site "Elsinore"]
[Date "2016.07.26"]
[Round "5.103"]
[White "Jessen, Alexander"]
[Black "Madison, Sigurd"]
[Result "1-0"]
[WhiteElo "2014"]
[BlackElo "1846"]
[PlyCount "55"]
[EventDate "2016.07.23"]

1. d4 Nf6 2. c4 g6 3. Nc3 Bg7 4. e4 d6 5. Be2 c6 6. f4 O-O 7. Nf3 d5 8. cxd5
cxd5 9. e5 Ne8 10. O-O Nc6 11. Be3 Nc7 12. Rc1 Rb8 13. Na4 Bf5 14. Qd2 Ne6 15.
Nh4 Be4 16. f5 Nc7 17. Nc5 gxf5 18. Nxf5 Bxf5 19. Rxf5 e6 20. Rh5 Ne7 21. Bh6
Ne8 22. Bd3 Ng6 23. Rh3 Qe7 24. Bxg7 Nxg7 25. Qh6 Rfc8 26. Qxh7+ Kf8 27. Qh8+
Nxh8 28. Rxh8# 1-0

[Event "Xtracon Chess Open 2016"]
[Site "Elsinore"]
[Date "2016.07.26"]
[Round "5.104"]
[White "Winther, Bjarke Rosenborg"]
[Black "Christensen, Casper"]
[Result "0-1"]
[WhiteElo "1786"]
[BlackElo "2012"]
[PlyCount "38"]
[EventDate "2016.07.23"]

1. e4 d6 2. d4 g6 3. Nc3 Bg7 4. Nf3 Nf6 5. Be2 O-O 6. O-O Nc6 7. Be3 e5 8. dxe5
Nxe5 9. Nxe5 dxe5 10. Qxd8 Rxd8 11. Rfd1 Be6 12. f3 a6 13. b3 Bf8 14. Rxd8 Rxd8
15. Rd1 Rxd1+ 16. Nxd1 Nd7 17. Nb2 Ba3 18. Nc4 Bb4 19. Bd2 Bxc4 0-1